[Event "Klee mem"]
[Site "Zuerich"]
[Date "1989.??.??"]
[Round "4"]
[White "Ruf, Matthias"]
[Black "Jakob, Simon"]
[Result "1-0"]
[WhiteElo "2330"]
[BlackElo "2200"]

1.d4 d5 2.Nf3 Nf6 3.c4 e6 4.g3 Be7 5.Bg2 O-O 6.O-O dxc4 7.Qc2 c5 8.Rd1 Qa5
9.Nbd2 c3 10.Nb3 cxb2 11.Nxa5 bxa1=Q 12.Nb3 Qxc1 13.Rxc1 Nc6 14.Nxc5 Bxc5
15.Qxc5 Bd7 16.Ne5 Rac8 17.Nxd7 Nxd7 18.Qa3 Ndb8 19.e3 Rfd8 20.h4 Rc7 21.h5 h6
22.Kh2 Rcd7 23.Rc5 a6 24.Qb3 Rc7 25.Qb1 Nd7 26.Rc2 Ndb8 27.Qh1 Rcd7 28.Bf3 Na5
29.Rc5 Nbc6 30.Qe1  1-0

[Event "Aarhus int-B"]
[Site "Aarhus"]
[Date "1990.??.??"]
[Round "1"]
[White "Pedersen, E."]
[Black "Muir, Andrew J"]
[Result "0-1"]
[WhiteElo "2415"]
[BlackElo "2290"]

1.d4 d5 2.Nf3 Nf6 3.c4 e6 4.g3 Be7 5.Bg2 O-O 6.O-O dxc4 7.Nbd2 b5 8.a4 c6
9.Qc2 Na6 10.b3 Nb4 11.Qb2 Ba6 12.Ne5 Nfd5 13.Ne4 cxb3 14.a5 f6 15.Nf3 Nc2
16.Rb1 Qxa5 17.Qxb3 Qa4 18.Qb2 b4 19.Bd2 Bxe2 20.Rfc1 b3 21.Nc5 Bxc5 22.dxc5 Rab8
23.Ra1 Nxa1 24.Rxa1 Qxa1+  0-1

[Event "Adelaide op"]
[Site "Adelaide"]
[Date "1990.??.??"]
[Round "4"]
[White "Adianto, Utut"]
[Black "West, Guy"]
[Result "1-0"]
[WhiteElo "2495"]
[BlackElo "2395"]

1.d4 Nf6 2.Nf3 d5 3.c4 e6 4.g3 Be7 5.Bg2 O-O 6.O-O Nbd7 7.Qc2 c6 8.Nbd2 b5
9.c5 Qc7 10.e4 dxe4 11.Nxe4 Nxe4 12.Qxe4 Nf6 13.Qe5 Qb7 14.Qe2 Nd5 15.Re1 Bd7
16.h4 Rfe8 17.h5 Bf8 18.h6 g6 19.Ne5 f6 20.Ng4 Be7 21.Bd2 Rf8 22.Ne3 Rae8
23.Qd3 Bd8 24.Re2 Bc8 25.Rae1 Qf7 26.Qa3 a6 27.Ba5 Be7 28.Nxd5 exd5 29.Qe3 g5
30.Bc7 Bg4 31.f3 Bxc5 32.Qxe8 Bxd4+ 33.Kh2 Qxc7 34.Qe7 Qxe7 35.Rxe7 Bh5 36.Rg7+ Kh8
37.Re6 c5 38.f4 gxf4 39.gxf4 f5 40.Rc7 c4 41.b3 cxb3 42.axb3 a5 43.Bxd5 a4
44.bxa4 bxa4 45.Rec6 Be3 46.Kg3 a3 47.Rc8 Be8 48.Rf6  1-0

[Event "Azov Interzonal (Women)"]
[Site "Azov"]
[Date "1990.??.??"]
[Round "9"]
[White "Kachiani Gersinska, Ketino"]
[Black "Botsari Miladinovic, Anna Maria"]
[Result "1-0"]
[WhiteElo "2365"]
[BlackElo "2205"]

1.d4 Nf6 2.c4 e6 3.g3 d5 4.Nf3 Be7 5.Bg2 O-O 6.O-O dxc4 7.Qc2 a6 8.a4 Bd7
9.Qxc4 Bc6 10.Bf4 Nbd7 11.Nc3 Nb6 12.Qd3 a5 13.e4 Bb4 14.Ne5 Be8 15.b3 Nfd7
16.Nxd7 Nxd7 17.Rad1 f6 18.Nb5 Rc8 19.Bd2 Qe7 20.Bxb4 Qxb4 21.Rc1 c6 22.Qc3 Qxc3
23.Rxc3 e5 24.d5 Bg6 25.Na7 Ra8 26.dxc6 Nb6 27.Nb5 bxc6 28.Rxc6 Rab8 29.Nc7 Bf7
30.Na6 Rb7 31.Nc5 Rbb8 32.Bh3 Rfd8 33.Rc7 Rd2 34.Rc1 Rb2 35.Be6 Bxe6 36.Nxe6 Kh8
37.Nxg7 Rxb3 38.Nh5 Rf8 39.Rb7 Rd8 40.Nxf6  1-0

[Event "Azov Interzonal (Women)"]
[Site "Azov"]
[Date "1990.??.??"]
[Round "13"]
[White "Richtrova, Eliska"]
[Black "Botsari Miladinovic, Anna Maria"]
[Result "1/2-1/2"]
[WhiteElo "2355"]
[BlackElo "2205"]

1.d4 Nf6 2.c4 e6 3.Nf3 d5 4.g3 Be7 5.Bg2 O-O 6.O-O dxc4 7.Qc2 a6 8.Qxc4 b5
9.Qc2 Bb7 10.Bg5 Nbd7 11.Bxf6 Nxf6 12.Nbd2 Rc8 13.Nb3 Be4 14.Qc3 Nd5 15.Qd2 c5
16.dxc5 Bxc5 17.Nxc5 Rxc5 18.Rac1 Rxc1 19.Rxc1 Nf6 20.Qxd8 Rxd8 21.Ne5 Bxg2
22.Kxg2 Ne8 23.Rc6 Rd6 24.Rxd6 Nxd6 25.Kf3 f6 26.Nd3 Kf7 27.b3 Nb7 28.Ke4 Ke7
29.f4 Kd6 30.g4 Nc5+ 31.Kd4 e5+ 32.fxe5+ fxe5+ 33.Nxe5 Ne6+ 34.Ke4 Nc5+ 35.Kf4 Ne6+
36.Ke4  1/2-1/2

[Event "Bad Ragaz op"]
[Site "Bad Ragaz"]
[Date "1990.??.??"]
[Round "3"]
[White "Summermatter, Daniel"]
[Black "Jurek, Josef"]
[Result "0-1"]
[WhiteElo "2295"]
[BlackElo "2320"]

1.d4 Nf6 2.c4 e6 3.g3 d5 4.Nf3 Be7 5.Bg2 O-O 6.O-O c6 7.Nbd2 b6 8.Qc2 Bb7
9.e4 Na6 10.e5 Ne8 11.Rd1 Nec7 12.Nf1 dxc4 13.Ne3 b5 14.h4 Nb4 15.Qe4 Nd3
16.b3 Nxc1 17.Raxc1 cxb3 18.axb3 Nd5 19.Ng4 a5 20.Bf1 b4 21.Bd3 g6 22.h5 Nc3
23.Rxc3 bxc3 24.Qf4 Ba6 25.Bc2 Be2 26.Rd3 Bxd3 27.Bxd3 a4 28.Nh4 Bg5 29.Nf6+ Qxf6  0-1

[Event "Bad Ragaz op"]
[Site "Bad Ragaz"]
[Date "1990.??.??"]
[Round "9"]
[White "Ruf, Matthias"]
[Black "Streitberg, Petr"]
[Result "1-0"]
[WhiteElo "2295"]
[BlackElo "2275"]

1.d4 d5 2.Nf3 Nf6 3.c4 e6 4.g3 Be7 5.Bg2 O-O 6.O-O c6 7.Nbd2 b6 8.b3 Bb7
9.Bb2 Na6 10.e3 c5 11.Qe2 cxd4 12.exd4 dxc4 13.bxc4 Qc7 14.Rac1 Rfe8 15.Rfd1 Rad8
16.Nf1 Qb8 17.a3 Qa8 18.Rc3 Ne4 19.Re3 Bf6 20.h4 g6 21.N1h2 Bg7 22.Ng4 h5
23.Nge5 Nc7 24.Nxf7 Nxg3 25.fxg3 Kxf7 26.Ng5+ Kg8 27.Bxb7 Qxb7 28.Qc2 Re7
29.Qxg6 Ne8 30.Rf1  1-0

[Event "Bahrain"]
[Site "Bahrain"]
[Date "1990.??.??"]
[Round "1"]
[White "Smejkal, Jan"]
[Black "Hakki, Imad"]
[Result "1-0"]
[WhiteElo "2530"]
[BlackElo "2330"]

1.Nf3 Nf6 2.c4 e6 3.g3 d5 4.d4 Be7 5.Bg2 O-O 6.O-O dxc4 7.Qc2 a6 8.Qxc4 b5
9.Qc2 Bb7 10.Bd2 Be4 11.Qc1 Bb7 12.Bf4 Nd5 13.Nc3 Nxf4 14.Qxf4 Nd7 15.Rfd1 Qb8
16.Qe3 Qa7 17.Rac1 Nf6 18.Ne5 Bxg2 19.Kxg2 c5 20.dxc5 Bxc5 21.Qf3 Rac8 22.Ne4 Nxe4
23.Qxe4 Rc7 24.b4 Bb6 25.Rxc7 Qxc7 26.Rd7 f5 27.Qf4 Qc2 28.Qf3 Rd8 29.Qb7 Rxd7
30.Qxd7 Qe4+ 31.Kh3 h6 32.Qxe6+ Kh7 33.e3 Bc7 34.Qg6+ Kg8 35.Qf7+  1-0

[Event "Bahrain"]
[Site "Bahrain"]
[Date "1990.??.??"]
[Round "8"]
[White "Smejkal, Jan"]
[Black "Afifi, Assem"]
[Result "1-0"]
[WhiteElo "2530"]
[BlackElo "2405"]

1.Nf3 d5 2.c4 e6 3.d4 Nf6 4.g3 Be7 5.Bg2 O-O 6.Qc2 c6 7.O-O b6 8.b3 Bb7 9.Rd1 Nbd7
10.Nc3 Bb4 11.Bb2 Qe7 12.a3 Bxc3 13.Bxc3 Ne4 14.Be1 Rac8 15.a4 a5 16.Ne5 Nef6
17.Nxd7 Nxd7 18.e4 dxe4 19.Qxe4 Nf6 20.Qf3 Rfd8 21.Bc3 Rd7 22.Qe3 c5 23.dxc5 Bxg2
24.Kxg2 Rxc5 25.Bd4 Rh5 26.Bxf6 gxf6 27.Qxb6 Kg7 28.Qe3 Re5 29.Qf3 Rf5 30.Qg4+ Rg5
31.Qf3 Rf5 32.Qg4+ Rg5 33.Rxd7 Qxd7 34.Rd1 Qa7 35.Qe4 Re5 36.Qg4+ Rg5 37.Qe4 Re5
38.Qc6 Rf5 39.Rd2 Qb8 40.Rd3 Qe5 41.Rf3 Rg5 42.h4 Rg4 43.Re3 Qb2 44.Rd3 f5
45.Qc5 f4 46.Kf3 fxg3 47.Kxg4 Qe2+ 48.Rf3  1-0

[Event "Balassagyarmat"]
[Site "Balassagyarmat"]
[Date "1990.??.??"]
[Round "5"]
[White "Rashkovsky, Nukhim N"]
[Black "Ruban, Vadim"]
[Result "1/2-1/2"]
[WhiteElo "2540"]
[BlackElo "2565"]

1.c4 e6 2.g3 d5 3.d4 Nf6 4.Bg2 Be7 5.Nf3 O-O 6.O-O dxc4 7.Qc2 a6 8.a4 Bd7
9.Rd1 Bc6 10.Nc3 Bxf3 11.Bxf3 Nc6 12.Bxc6 bxc6 13.a5 Qb8 14.Ra4 c5 15.dxc5 Bxc5
16.Rxc4 Qa7 17.Bg5 Bxf2+ 18.Kg2 Rfd8 19.Bxf6 gxf6 20.Ne4 Rxd1 21.Qxd1 Be3
22.Nxf6+ Kg7 23.Ng4 Bg5 24.Qc2 Qb7+ 25.e4 Rd8 26.Qc3+ Kg8 27.Qe5 h6 28.Rxc7 Qb4
29.Kh3 Rf8 30.Rc2 Rb8 31.Kg2 Qb5 32.h4 Qxe5 33.Nxe5 Be3 34.Nd3 Rb3 35.Rc3 Rxc3
36.bxc3 Bd2 37.c4 Kf8 38.Nc5 Ke7 39.Nb3 Be1 40.Kf3 Kd6 41.Kf4 Bc3 42.g4 f6
43.Ke3 Be1 44.h5 e5 45.Ke2 Bb4 46.Kd3 Kc6 47.Ke3 Kd6 48.Kf3 Ba3 49.Kg3 Bb4
50.Kg2 Ba3 51.Kh3 Bb4 52.Kh2 Ba3 53.Kh1 Bb4 54.Kg1 Ba3 55.Kg2 Bb4 56.Kf2 Ba3
57.Kg1 Bb4 58.Kf1 Ba3 59.Ke1 Bb4+ 60.Kd1 Kc6 61.Kc1 Kd6 62.Kb1 Kc6 63.Ka1 Kd6
64.Ka2 Kc6 65.Kb2 Kd6 66.Ka1 Kc6 67.Kb2 Kd6 68.Ka1 Kc6 69.Kb1 Kd6 70.Kc2 Kc6
71.Kc1 Kd6 72.Kc2 Kc6 73.Kd1 Bc3 74.Ke2 Bb4 75.Kf3 Kd6 76.Ke3 Kc6 77.Kd3 Kd6
78.c5+ Bxc5 79.Nd2 Bb4 80.Nc4+ Kd7 81.Ne3 Bxa5 82.Nf5 Ke6 83.Nxh6 Bb4 84.Nf5 Kf7
85.Kc4 Bd2 86.Kc5 Kg8 87.Nh4 a5 88.Nf3 Bb4+ 89.Kc4 Kg7  1/2-1/2

[Event "Belgrade (Women)"]
[Site "Belgrade"]
[Date "1990.??.??"]
[Round "3"]
[White "Kachiani Gersinska, Ketino"]
[Black "Bojkovic, Natasa"]
[Result "0-1"]
[WhiteElo "2365"]
[BlackElo "2270"]

1.d4 Nf6 2.c4 e6 3.g3 d5 4.Nf3 Be7 5.Bg2 O-O 6.O-O dxc4 7.Ne5 Nc6 8.Bxc6 bxc6
9.Nxc6 Qe8 10.Nxe7+ Qxe7 11.Qa4 e5 12.dxe5 Qxe5 13.Qxc4 Be6 14.Qd3 Rad8 15.Qe3 Qh5
16.f3 Bc4 17.Nc3 Rfe8 18.Qg5 Qh3 19.Rf2 Bxe2 20.Be3 Ba6 21.Bxa7 Rd6 22.b4 Rde6
23.Qc1 h5 24.b5 Bb7 25.Qf1 Qf5 26.a4 h4 27.Bd4 hxg3 28.hxg3 Ng4 29.a5 Nxf2
30.Qxf2 Rh6 31.Rf1 Qh7 32.Qg2 Qd3 33.Rd1 Re1+ 34.Rxe1 Qxd4+ 35.Qf2 Rh1+ 36.Kxh1 Qxf2  0-1

[Event "Belgrade (Women)"]
[Site "Belgrade"]
[Date "1990.??.??"]
[Round "8"]
[White "Gurieli, Nino"]
[Black "Bojkovic, Natasa"]
[Result "1-0"]
[WhiteElo "2340"]
[BlackElo "2270"]

1.d4 Nf6 2.c4 e6 3.Nf3 d5 4.g3 Be7 5.Bg2 O-O 6.O-O dxc4 7.Na3 c5 8.Nxc4 Nc6
9.dxc5 Bxc5 10.Nfe5 Nxe5 11.Nxe5 Nd5 12.e4 Nf6 13.Nd3 Be7 14.e5 Nd5 15.Nf4 Nxf4
16.Bxf4 Qb6 17.Rb1 Rd8 18.Qf3 Rb8 19.b4 Bd7 20.Qe3 Qa6 21.Rfc1 Bc6 22.Bxc6 bxc6
23.a3 Rd5 24.h4 Rbd8 25.h5 h6 26.Kg2 Rd3 27.Qe4 R8d5 28.Qc4 Qxa3 29.Qxc6 Rd8
30.b5 R3d7 31.Ra1 Qb2 32.Be3 Bg5 33.Rcb1 Qe2 34.Bxa7 Rd5 35.Bb6 Qe4+ 36.Kg1 R8d7
37.Qc3 Rd3 38.Qc6 R3d5 39.Re1 Qf3 40.Ra8+ Kh7 41.Qc8 Bd8 42.Bxd8 Rxd8 43.Qc2+ Kg8
44.Rxd8+ Rxd8 45.b6 Rb8 46.Qc7 Rb7 47.Qc8+ Kh7 48.Qc2+ Kg8 49.Re3  1-0

[Event "Neukoelln"]
[Site "Berlin"]
[Date "1990.??.??"]
[Round "11"]
[White "Hausner, Ivan"]
[Black "Rigo, Janos"]
[Result "1/2-1/2"]
[WhiteElo "2440"]
[BlackElo "2385"]

1.d4 Nf6 2.c4 e6 3.g3 d5 4.Bg2 Be7 5.Nf3 O-O 6.O-O b6 7.Nc3 Ba6 8.cxd5 Nxd5
9.Nxd5 exd5 10.Ne5 Bf6 11.Ng4 Be7 12.Re1 Bb7 13.Bf4 Bb4 14.Bd2 Bxd2 15.Qxd2 Nd7
16.Rac1 Re8 17.Qc3 c5 18.dxc5 Nxc5 19.Rcd1 Ne4 20.Qd4 Qe7 21.Ne3 Rad8 22.Rc1 Qd7
23.Red1 h5 24.Rc2 Re7 25.b4 g6 26.Rdc1 Qd6 27.Rd1 Qd7 28.Rdc1 Qd6  1/2-1/2

[Event "Bern zt"]
[Site "Bern"]
[Date "1990.??.??"]
[Round "4"]
[White "Fauland, Alexander"]
[Black "Brestian, Egon"]
[Result "1/2-1/2"]
[WhiteElo "2480"]
[BlackElo "2470"]

1.d4 d5 2.c4 e6 3.Nf3 Nf6 4.g3 Be7 5.Bg2 O-O 6.O-O c5 7.cxd5 exd5 8.Be3 b6
9.Nc3 Bb7 10.Ne5 Nc6 11.Nxc6 Bxc6 12.b3 Qd7 13.Qd3 Rac8 14.dxc5  1/2-1/2

[Event "Biel-C"]
[Site "Biel"]
[Date "1990.??.??"]
[Round "1"]
[White "Summermatter, Daniel"]
[Black "Ilijin, Neboisa"]
[Result "1/2-1/2"]
[WhiteElo "2305"]
[BlackElo "2290"]

1.d4 Nf6 2.c4 e6 3.g3 d5 4.Nf3 Be7 5.Bg2 O-O 6.O-O Nbd7 7.Qc2 c6 8.Nbd2 b5
9.c5 a5 10.e4 dxe4 11.Nxe4 Nxe4 12.Qxe4 Nf6 13.Qc2 Bb7 14.Bg5 h6 15.Bxf6 Bxf6
16.Rad1 Qc7 17.Qe4 Rfd8 18.Qe3 b4 19.Rfe1 Ba6 20.Ne5 Bb5 21.f4 g6 22.h4 h5
23.Be4 Kg7 24.Qc1 Rac8 25.Qc2 Qe7 26.a4 bxa3 27.bxa3 a4 28.Qc3 Qc7 29.Kg2 Rh8
30.Rd2 Rhd8 31.Red1 Rh8 32.Bb1 Qd8 33.Be4 Qc7 34.Kh3 Rhd8 35.Bb1 Rh8 36.Qc2 Rh6
37.Ba2 Re8 38.Qe4 Rhh8 39.Bb1 Rh6 40.Rb2 Rb8 41.Rb4 Rd8 42.Bc2 Rd5 43.Bxa4 Bxa4
44.Rxa4 Rh8 45.Rb1 Rhd8 46.Rc4 Bxe5 47.fxe5 Qd7 48.Rd1 Qa7 49.Qf3 Kg8 50.Rd3 Qa6
51.Rb4 Rxc5 52.Rdb3 Rb5 53.Rxb5 cxb5 54.Qd3 Qc6 55.Kh2 Rxd4 56.Qxd4 Qc2+
57.Kh3 Qxb3 58.Qd8+ Kh7 59.Qf6 Kg8 60.Qd8+ Kh7  1/2-1/2

[Event "Biel-C"]
[Site "Biel"]
[Date "1990.??.??"]
[Round "5"]
[White "Castagna, Renzo"]
[Black "Modr, Bretislav"]
[Result "1/2-1/2"]
[WhiteElo "2230"]
[BlackElo "2315"]

1.d4 Nf6 2.c4 e6 3.Nf3 d5 4.g3 Be7 5.Bg2 O-O 6.O-O Nbd7 7.Nc3 c6 8.Qc2 dxc4
9.a4 a5 10.e4 Nb6 11.Rd1 h6  1/2-1/2

[Event "Biel-C"]
[Site "Biel"]
[Date "1990.??.??"]
[Round "9"]
[White "Summermatter, Daniel"]
[Black "Peisser, Manfred"]
[Result "1-0"]
[WhiteElo "2305"]
[BlackElo "2250"]

1.d4 Nf6 2.c4 e6 3.g3 d5 4.Nf3 Be7 5.Bg2 Nbd7 6.O-O c6 7.Qc2 O-O 8.Nbd2 b6
9.e4 dxe4 10.Nxe4 Nxe4 11.Qxe4 Bb7 12.Re1 Nf6 13.Qe2 Re8 14.Ne5 Qc8 15.Qf3 Qc7
16.Bf4 Bd6 17.Rac1 Bxe5 18.Bxe5 Qd8 19.b4 Rc8 20.Rcd1 Ba8 21.Qa3 Qe7 22.Bxf6 gxf6
23.Qc3 c5 24.bxc5 Bxg2 25.Kxg2 bxc5 26.d5 Rcd8 27.Re3 Rd6 28.Rde1 Rb8 29.Rf3 e5
30.Rf5 e4 31.Qe3 Re8 32.Qxc5 Qd7 33.Rf4 f5 34.Qd4 Ra6 35.h3 Rxa2 36.g4 Qe7
37.Rxf5 e3 38.d6 Qe4+ 39.Qxe4 Rxe4 40.d7 Rd4 41.Rd5  1-0

[Event "Blackpool zt"]
[Site "Blackpool"]
[Date "1990.??.??"]
[Round "?"]
[White "Suba, Mihai"]
[Black "Hynes, Kilian A"]
[Result "1-0"]
[WhiteElo "2505"]
[BlackElo "2240"]

1.Nf3 d5 2.c4 e6 3.g3 Nf6 4.Bg2 Be7 5.d4 O-O 6.O-O Nbd7 7.Qc2 c6 8.b3 b5
9.c5 Ne4 10.Ne1 f5 11.f3 Ng5 12.Nd3 a5 13.a3 Nf7 14.Bb2 Bg5 15.Kh1 h5 16.Nc3 h4
17.gxh4 Bh6 18.e4 Qxh4 19.exf5 exf5 20.f4 Nf6 21.Rf3 Ne4 22.Rg1 b4 23.Rh3 Qf6
24.axb4 axb4 25.Nxb4 Nxc3 26.Bxc3 Bxf4 27.Nxd5 cxd5 28.Bxd5 Ra7 29.Qe2 Bb7
30.Bxb7 Rxb7 31.Qf3 Rxb3 32.Qxf4 Ra8 33.Rhg3 Qc6+ 34.Qf3 Qxf3+ 35.Rxf3 Raa3
36.Rc1 f4 37.c6 g5 38.c7 Nd6 39.Bb4 Rxf3 40.Bxd6 Rac3 41.Rxc3 Rxc3 42.Bc5  1-0

[Event "CSR-ch"]
[Site "Brno"]
[Date "1990.??.??"]
[Round "5"]
[White "Priehoda, Vitezslav"]
[Black "Augustin, Josef"]
[Result "1-0"]
[WhiteElo "2415"]
[BlackElo "2385"]

1.d4 Nf6 2.c4 e6 3.g3 d5 4.Nf3 Be7 5.Bg2 O-O 6.O-O c6 7.Nbd2 Nbd7 8.Qc2 b6
9.e4 Bb7 10.b3 Rc8 11.Bb2 Qc7 12.Rad1 Qb8 13.Rfe1 Rfe8 14.Ne5 Nf8 15.c5 N8d7
16.exd5 cxd5 17.Nxd7 Nxd7 18.b4 a5 19.a3 Ba6 20.f4 Bf6 21.Rb1 axb4 22.axb4 Bb5
23.Nf1 g6 24.Qd2 Qb7 25.Ne3 Ra8 26.Rec1 Nb8 27.Nc2 Bc6 28.Bc3 Qd7 29.Bf1 Bb5
30.Bd3 bxc5 31.dxc5 Bxc3 32.Qxc3 Rc8 33.Bxb5 Qxb5 34.Nd4 Qe8 35.c6 e5 36.fxe5 Qxe5
37.b5 Ra4 38.Nf3 Qd6 39.Qe5 Qa3 40.Qc3 Qf8 41.Qf6 Rc4 42.Rxc4 dxc4 43.Rd1 Re8
44.Qd6 Qh6 45.Qc5  1-0

[Event "Budapest Noviki-C"]
[Site "Budapest"]
[Date "1990.??.??"]
[Round "3"]
[White "Volodin, Viktor"]
[Black "Zauner, L."]
[Result "1/2-1/2"]
[WhiteElo "2260"]
[BlackElo "2200"]

1.Nf3 Nf6 2.c4 e6 3.g3 d5 4.d4 Be7 5.Bg2 O-O 6.O-O c5 7.cxd5 exd5 8.Nc3 Nc6
9.b3 Bg4 10.dxc5 Bxc5 11.h3 Bxf3 12.Bxf3 Bd4 13.Bb2 Ne4 14.Na4 Qf6 15.Bxd4 Nxd4
16.Bg2 b5 17.e3 bxa4 18.Qxd4 Qxd4 19.exd4 axb3 20.axb3 a5 21.Rfc1 g6 22.Ra3 Rfb8
23.Bxe4 dxe4 24.Rc4 Rb5  1/2-1/2

[Event "Budapest IM-B"]
[Site "Budapest"]
[Date "1990.??.??"]
[Round "7"]
[White "Kiss, Attila"]
[Black "Dovzik, Juri"]
[Result "0-1"]
[WhiteElo "2355"]
[BlackElo "2410"]

1.d4 Nf6 2.c4 e6 3.g3 d5 4.Bg2 Be7 5.Nf3 O-O 6.O-O dxc4 7.Na3 Bxa3 8.bxa3 b5
9.a4 a6 10.Ba3 Re8 11.Ne5 Nd5 12.e4 Nf6 13.Nxf7 Kxf7 14.e5 Nd5 15.Qh5+ Kg8
16.Be4 g6 17.Bxg6 Re7 18.Bxe7 Qxe7 19.Bxh7+ Qxh7 20.Qe8+ Kg7 21.Qxc8 Nc6
22.Qxa8 Nxd4 23.f3 Ne2+ 24.Kg2 Ne3+ 25.Kf2 Nxf1 26.Rd1 Qxh2+ 27.Ke1 Nfxg3
28.Rd7+ Kg6 29.Qg8+ Kf5 30.Qg4+ Kxe5 31.Qg7+ Kf4 32.Rf7+ Nf5 33.Qg4+ Ke5
34.Qe4+ Kd6 35.Qxe2 Qg1+ 36.Qf1 Qg8 37.axb5 axb5 38.Rxf5 exf5 39.Qh3 Qe6+
40.Kd2 f4 41.Qh8 Kc5 42.Qb8 Qe3+ 43.Kc2 Qe2+ 44.Kc1 Qe5 45.Kc2 Kb4 46.Qa8 Qe2+
47.Kc1 c3 48.Qf8+ c5 49.Qxf4+ Ka3  0-1

[Event "Budapest"]
[Site "Budapest"]
[Date "1990.??.??"]
[Round "8"]
[White "Szekely, Peter"]
[Black "Horvath, Csaba"]
[Result "1/2-1/2"]
[WhiteElo "2420"]
[BlackElo "2460"]

1.Nf3 d5 2.c4 e6 3.g3 Nf6 4.Bg2 Be7 5.d4 O-O 6.Qc2 c5 7.dxc5 Qa5+ 8.Qc3 Qxc5
9.cxd5 Nxd5 10.Qxc5 Bxc5 11.Bd2  1/2-1/2

[Event "Buenos Aires FMDA"]
[Site "Buenos Aires"]
[Date "1990.??.??"]
[Round "8"]
[White "Scarella, Enrique"]
[Black "Bosco, Ricardo"]
[Result "1/2-1/2"]
[WhiteElo "2285"]
[BlackElo "2275"]

1.d4 e6 2.c4 d5 3.Nf3 Nf6 4.g3 Be7 5.Bg2 O-O 6.O-O c6 7.Qc2 Nbd7 8.Rd1 b6
9.b3 Ba6 10.Nbd2 Rc8 11.e4 b5 12.e5 Ne8 13.c5 g6 14.Nf1 Ng7 15.h4 f6 16.exf6 Bxf6
17.Bg5 Bxg5 18.hxg5 Rxf3 19.Bxf3 Qxg5 20.Qd2 Qxd2 21.Rxd2 Re8 22.a4 b4 23.Ne3 Nf5
24.Nc2 Rb8 25.Bg4 e5 26.Bxf5 gxf5 27.a5 e4 28.Ra4 Bb5 29.Ra1 Ba6 30.Kg2 Kg7
31.f4 Kg6 32.Kf2 Bd3 33.Ne3 Nf6 34.a6 h5 35.Ra4 Rb5 36.Nd1 Ng4+ 37.Ke1 Rb8
38.Nb2 Bb5 39.Rxb4 Rh8 40.Nd1 h4 41.gxh4 Rxh4 42.Rg2 Rh1+ 43.Kd2 Kf6 44.Ne3 Nxe3
45.Kxe3 Rh3+ 46.Kd2 e3+ 47.Kc2 Bf1 48.Rg8 Rh2+ 49.Kc1 Bd3 50.Rbb8 Rc2+ 51.Kb1 Rf2+
52.Kc1 Rc2+  1/2-1/2

[Event "FRA-NLD"]
[Site "Cannes"]
[Date "1990.??.??"]
[Round "3"]
[White "Sosonko, Gennadi"]
[Black "Miralles, Gilles"]
[Result "1-0"]
[WhiteElo "2525"]
[BlackElo "2460"]

1.d4 Nf6 2.c4 e6 3.g3 d5 4.Bg2 Be7 5.Nf3 O-O 6.O-O dxc4 7.Qc2 a6 8.Qxc4 b5
9.Qc2 Bb7 10.Bf4 Nc6 11.Nc3 Nb4 12.Qc1 Rc8 13.a3 Nbd5 14.b4 Nxc3 15.Qxc3 a5
16.bxa5 c5 17.dxc5 Rxc5 18.Qd2 Qa8 19.Be3 Rc4 20.Qb2 Bd5 21.Qxb5 Rb8 22.Bb6 Rc3
23.Rfb1 Ne4 24.Ne5 Bc5 25.Qd7 Rb7 26.Bxc5 Nxc5 27.Bxd5 Nxd7 28.Bxb7 Qxa5
29.Nxd7 f6 30.Nb6 h5 31.a4 Qe5 32.Bf3 h4 33.a5 Rb3 34.a6 Rxb6 35.a7  1-0

[Event "FRA-NLD"]
[Site "Cannes"]
[Date "1990.??.??"]
[Round "6"]
[White "Sosonko, Gennadi"]
[Black "Renet, Olivier"]
[Result "1/2-1/2"]
[WhiteElo "2525"]
[BlackElo "2520"]

1.d4 Nf6 2.Nf3 d5 3.c4 e6 4.g3 Be7 5.Bg2 O-O 6.O-O dxc4 7.Qc2 a6 8.a4 Bd7
9.Rd1 Bc6 10.Nc3 Bxf3 11.Bxf3 Nc6 12.Bxc6 bxc6 13.a5 Qb8 14.Qa4 Qb7 15.Qxc4 Nd5
16.e4 Nxc3 17.bxc3 Qb5 18.Qa2 Rfb8 19.Bf4 Bd6 20.Rab1 Qh5 21.Bxd6 cxd6 22.Kg2 d5
23.e5 Rb5 24.c4 dxc4 25.Qxc4 Rxa5 26.Qxc6 Rf8 27.Ra1 h6 28.h3 Qe2 29.Rxa5  1/2-1/2

[Event "JUG-chT Cetinje"]
[Site "Cetinje"]
[Date "1990.??.??"]
[Round "1"]
[White "Ilic, Slobodan"]
[Black "Vucinic, Pero"]
[Result "1-0"]
[WhiteElo "2240"]
[BlackElo "2320"]

1.c4 e6 2.g3 Nf6 3.Bg2 d5 4.d4 Be7 5.Nf3 b6 6.Ne5 O-O 7.O-O Bb7 8.Nc3 c6
9.Qa4 Nfd7 10.Rd1 Nxe5 11.dxe5 Qc7 12.cxd5 cxd5 13.Bf4 Nd7 14.Rac1 Nc5 15.Qd4 Qb8
16.b4 Na6 17.a3 Nc7 18.h4 Rd8 19.Bg5 Bxg5 20.hxg5 Ne8 21.Bf3 Rc8 22.e4 Rc4
23.Qd3 Qxe5 24.exd5 exd5 25.Bxd5 Bxd5 26.Qxd5 Qxd5 27.Nxd5 Rxc1 28.Rxc1 Rd8
29.Rc8 Rxc8 30.Ne7+ Kf8 31.Nxc8 b5 32.Nxa7 Nd6 33.Nc6 Nc4 34.Nd4 Nxa3 35.f4 Ke7
36.Kf2 Kd6 37.Ke3 Kd5 38.Kd3 g6 39.g4 Nc4 40.Nxb5 Nb2+ 41.Ke3 Nc4+ 42.Kf3 Nd2+
43.Ke2 Nc4 44.Kd3 Nb2+ 45.Kc2 Nc4 46.Kc3 Nb6 47.Kd3 Nc4 48.Nc3+  1-0

[Event "JUG-chT Cetinje"]
[Site "Cetinje"]
[Date "1990.??.??"]
[Round "3"]
[White "Stamenkovic, Zoran"]
[Black "Miladinovic, Igor"]
[Result "1/2-1/2"]
[WhiteElo "2290"]
[BlackElo "2360"]

1.d4 d5 2.c4 e6 3.Nf3 Nf6 4.g3 Be7 5.Bg2 O-O 6.O-O c6 7.b3 Nbd7 8.Bb2 b6
9.Nc3 Ba6 10.Nd2 Rc8 11.e4 dxc4 12.Nxc4 b5 13.Ne3 b4 14.Ne2 c5 15.Re1 cxd4
16.Nxd4 Qb6 17.e5 Nxe5 18.Ndf5 exf5 19.Nxf5 Rcd8 20.Nxe7+ Kh8 21.Qc2 Nd3
22.Red1 Nxb2 23.Qxb2  1/2-1/2

[Event "JUG-chT Cetinje"]
[Site "Cetinje"]
[Date "1990.??.??"]
[Round "6"]
[White "Dizdarevic, Emir"]
[Black "Maksimovic, Branimir"]
[Result "1-0"]
[WhiteElo "2475"]
[BlackElo "2365"]

1.c4 e6 2.g3 Nf6 3.Bg2 d5 4.d4 Be7 5.Nf3 O-O 6.Nbd2 b6 7.cxd5 exd5 8.O-O c5
9.dxc5 bxc5 10.e4 Ba6 11.Re1 d4 12.e5 Nd5 13.Ne4 Nc6 14.Bg5 Qb6 15.Rc1 c4
16.Bxe7 Ndxe7 17.Nd6 Rad8 18.Nxc4 Bxc4 19.Rxc4 Qxb2 20.Ng5 h6 21.Bxc6 Nxc6
22.Nf3 Qb5 23.Qc1 Qd5 24.Rxc6 Qxf3 25.Rd6 Rxd6 26.exd6 Qd5 27.Qc7 d3 28.d7 d2
29.Rd1 a5 30.a4 g6 31.h4 h5 32.Kh2 Qd4 33.Qxa5 Qxd7 34.Rxd2 Qc6 35.Rd8 Qf3
36.Rxf8+ Kxf8 37.Qc5+ Kg8 38.a5 Qe2 39.Qb6 g5 40.Qe3  1-0

[Event "JUG-chT Cetinje"]
[Site "Cetinje"]
[Date "1990.??.??"]
[Round "9"]
[White "Csonkics, Tunde"]
[Black "Petek Medic, Mirjana"]
[Result "1/2-1/2"]
[WhiteElo "2360"]
[BlackElo "2210"]

1.Nf3 Nf6 2.c4 e6 3.d4 d5 4.g3 Be7 5.Bg2 O-O 6.O-O c6 7.b3 Ne4 8.Bb2 Nd7
9.Qc2 f5 10.Nfd2 Ndf6 11.f3 Nxd2 12.Nxd2 Bd7 13.e4 Rc8 14.Qd3 Be8 15.e5 Nd7
16.f4 Bh5 17.c5 Rc7 18.b4 b6 19.Bc3 Kh8 20.a4 g5 21.Nb3 gxf4 22.gxf4 Rg8
23.Kh1 Qf8 24.Rg1 Qh6 25.Bf3 Rcc8 26.Bd2 Rxg1+ 27.Rxg1 Rg8 28.Rxg8+ Kxg8
29.Qe2 Bxf3+ 30.Qxf3 Kf7 31.cxb6 axb6 32.a5 bxa5 33.bxa5 c5 34.dxc5 Nxc5
35.Nxc5 Bxc5 36.a6 Qh4 37.Kg2 Qg4+ 38.Qxg4 fxg4 39.Kf1 Ke8 40.Ke2 Kd7 41.Be3 d4
42.Bc1 Kc6 43.Kd3 Kd5 44.Ba3 Ba7 45.Be7 h5 46.Bh4 Kc5 47.Bf2 Kd5 48.Be1 Bc5
49.Bf2 Ba7 50.Be1  1/2-1/2

[Event "Cheliabinsk-B"]
[Site "Cheliabinsk"]
[Date "1990.??.??"]
[Round "?"]
[White "Vaulin, Alexander"]
[Black "Petronijevic, Zoran"]
[Result "1-0"]
[WhiteElo "2450"]
[BlackElo "2285"]

1.c4 e6 2.g3 d5 3.Bg2 Nf6 4.Nf3 Be7 5.d4 O-O 6.O-O dxc4 7.Nc3 c5 8.dxc5 Bxc5
9.Ne5 Nbd7 10.Nxc4 Qc7 11.Be3 Bxe3 12.Nxe3 Rb8 13.Rc1 Qa5 14.Nc4 Qa6 15.Nd6 Rd8
16.Ndb5 Qb6 17.Qd6 a6 18.Rfd1 Qxd6 19.Nxd6 Kf8 20.Nce4 Nxe4 21.Bxe4 Nf6 22.Nxc8 Rxd1+
23.Rxd1 Rxc8 24.Bxb7 Rb8 25.Bxa6 Rxb2 26.Ra1 Nd5 27.a4 Nb4 28.Bb5 Nc2 29.Rd1 e5
30.e3 Na3 31.Bf1 Rb4 32.a5 Ra4 33.a6 Ke7 34.Rc1 Kd6 35.h4 h5 36.Kg2 g6 37.Rc8 Ra5
38.Bd3 Nb5 39.Bxb5  1-0

[Event "Clichy"]
[Site "Clichy"]
[Date "1990.??.??"]
[Round "8"]
[White "Mozny, Milos"]
[Black "Verat, Laurent"]
[Result "1-0"]
[WhiteElo "2370"]
[BlackElo "2240"]

1.Nf3 d5 2.d4 e6 3.c4 Nf6 4.g3 Be7 5.Bg2 O-O 6.O-O dxc4 7.Qc2 a6 8.Qxc4 b5
9.Qc2 Bb7 10.Bf4 Nc6 11.Nbd2 Nxd4 12.Nxd4 Bxg2 13.Nxe6 fxe6 14.Kxg2 c5 15.Nf3 Qb6
16.Rad1 Rad8 17.Ng5 Qc6+ 18.Kg1 Rd5 19.Rd3 Rf5 20.Re3 Nd5 21.Rxe6 Qd7 22.e4 Nb4
23.Qd2 Qxd2 24.Bxd2 Bxg5 25.Bxb4 R5f6 26.Re5 cxb4 27.Rxg5 Rc8 28.e5 Rfc6
29.Rg4 a5 30.Rd1 Rc1 31.Rd4 Rxd1+ 32.Rxd1 Rc2 33.b3 Kf7 34.Rd5 Ke6 35.Rxb5 Rxa2
36.g4 g5 37.Kg2 Ra3 38.f3 Ra2+ 39.Kg3 Ra3 40.h4 h6 41.h5 Ke7 42.Rb7+ Kf8
43.Ra7 Rxb3 44.Rxa5 Rb1 45.Ra8+ Ke7 46.Ra7+ Ke8 47.Rb7 b3 48.e6 b2 49.Kg2 Kf8
50.Kh2 Ke8 51.e7 Kf7 52.f4 Rf1 53.fxg5 b1=Q 54.g6+ Ke8 55.Rxb1 Rf4 56.Kg3 Re4
57.Rb8+ Kxe7 58.g7  1-0

[Event "Copenhagen op"]
[Site "Copenhagen"]
[Date "1990.??.??"]
[Round "8"]
[White "Ksieski, Zbigniew"]
[Black "Stefansson, Hannes"]
[Result "0-1"]
[WhiteElo "2395"]
[BlackElo "2420"]

1.d4 Nf6 2.c4 e6 3.g3 d5 4.Nf3 Be7 5.Bg2 O-O 6.O-O dxc4 7.Qc2 a6 8.Nbd2 b5
9.Ng5 Ra7 10.a4 c6 11.Nde4 Nxe4 12.Nxe4 Nd7 13.Rd1 Nb6 14.Nc5 Nd5 15.Bd2 a5
16.b3 cxb3 17.Qxb3 b4 18.Rac1 Qb6 19.e4 Nf6 20.Bf4 Rd8 21.h3 Bd7 22.g4 Be8
23.Bf3 Kh8 24.Kg2 Nd7 25.h4 e5 26.Nxd7 Raxd7 27.Bxe5 Bxh4 28.Bf4 Rxd4 29.Be3 Bf6
30.Bxd4 Bxd4 31.Be2 c5 32.Bc4 Qc6 33.Qf3 Qxa4 34.Bxf7 Bxf7 35.Qxf7 Qe8 36.Qf3 Qe7
37.Qd3 a4 38.f4 a3 39.e5 a2 40.Rh1 Qb7+ 41.Kg3 Bf2+  0-1